Crossing the Credit Channel : Credit Spreads and Firm Heterogeneity /

Credit spreads rise after a monetary policy tightening, yet spread reactions are heterogeneous across firms. Exploiting information from a panel of corporate bonds matched with balance sheet data for U.S. non-financial firms, we document that firms with high leverage experience a more pronounced inc...

Ful tanımlama

Detaylı Bibliyografya
Yazar: Anderson, Gareth
Diğer Yazarlar: Cesa-Bianchi, Ambrogio
Materyal Türü: Dergi
Dil:English
Baskı/Yayın Bilgisi: Washington, D.C. : International Monetary Fund, 2020.
Seri Bilgileri:IMF Working Papers; Working Paper ; No. 2020/267
Konular:
Online Erişim:Full text available on IMF
LEADER 01923cas a2200313 a 4500
001 AALejournalIMF021369
008 230101c9999 xx r poo 0 0eng d
020 |c 5.00 USD 
020 |z 9781513563336 
022 |a 1018-5941 
040 |a BD-DhAAL  |c BD-DhAAL 
100 1 |a Anderson, Gareth. 
245 1 0 |a Crossing the Credit Channel :   |b Credit Spreads and Firm Heterogeneity /  |c Gareth Anderson, Ambrogio Cesa-Bianchi. 
264 1 |a Washington, D.C. :  |b International Monetary Fund,  |c 2020. 
300 |a 1 online resource (67 pages) 
490 1 |a IMF Working Papers 
500 |a <strong>Off-Campus Access:</strong> No User ID or Password Required 
500 |a <strong>On-Campus Access:</strong> No User ID or Password Required 
506 |a Electronic access restricted to authorized BRAC University faculty, staff and students 
520 3 |a Credit spreads rise after a monetary policy tightening, yet spread reactions are heterogeneous across firms. Exploiting information from a panel of corporate bonds matched with balance sheet data for U.S. non-financial firms, we document that firms with high leverage experience a more pronounced increase in credit spreads than firms with low leverage. A large fraction of this increase is due to a component of credit spreads that is in excess of firms' expected default. Our results suggest that frictions in the financial intermediation sector play a crucial role in shaping the transmission mechanism of monetary policy. 
538 |a Mode of access: Internet 
650 7 |a Credit Channel  |2 imf 
650 7 |a Credit Spreads  |2 imf 
650 7 |a Excess Bond Premium  |2 imf 
650 7 |a Heterogeneity  |2 imf 
650 7 |a Monetary Policy  |2 imf 
700 1 |a Cesa-Bianchi, Ambrogio. 
830 0 |a IMF Working Papers; Working Paper ;  |v No. 2020/267 
856 4 0 |z Full text available on IMF  |u http://elibrary.imf.org/view/journals/001/2020/267/001.2020.issue-267-en.xml  |z IMF e-Library